| 000 | 00441nam a2200181Ia 4500 | ||
|---|---|---|---|
| 008 | 210210b1938 xxu||||| |||| 00| 0 eng d | ||
| 041 | _aeng | ||
| 082 | _a825/751 | ||
| 100 | _aROYDS (Kathleen) | ||
| 245 | _aColeridge and his poetry | ||
| 260 |
_aCalcatta _bGeorge G Harrap and Company Limited _c1938 |
||
| 650 | _apoetry | ||
| 650 | _ahis | ||
| 650 | _aColeridge | ||
| 650 | _aand | ||
| 690 | _aEnglish Criticism | ||
| 906 | _a015066 | ||
| 999 |
_c134332 _d134332 |
||